000 00972nam0a22002651 4500
001 rc\4341340
005 20250612053447.0
021 _aRU
_b[64-61697]
035 _a(NLR Aleph) 008523884
090 _a8245622
_c8245622
100 _a20130416d1964 |||y0rusy50 ca
101 0 _arus
102 _aRU
105 _aa z |||||
200 1 _aЛенинские места в Куйбышеве
_eПутеводитель
210 _aКуйбышев
_cКн. изд-во
_d1964
215 _a64 с.
_cил.
_d20
606 _aРеволюционное движение в России
_z19-20 вв.
_xИсторические места и памятники
_yКуйбышев, город
_jПутеводители
_2psbo
700 1 _aЕрканов
_bИ.И.
_gИван Иванович
702 1 _aЛенин
_bВ.И.
_gВладимир Ильич
_4570
801 0 _aRU
_bNLR
_gpsbo
801 1 _aRU
_bELAR
_2rusmarc
852 _aNLR
_j64-4/13608
942 _cBOOK
980 _aNB